000 00748nam a2200253Ia 4500
008 191130s2009##################000#0#eng##
020 _a9781403941275
022 _a2010292525
040 _aACL
_cACL
082 _a324.9 EIJ
100 _aEijk, C. van der
245 _aElections and voters
_cby Cees van der Eijk, Mark N. Franklin
260 _aBasingstoke, Hampshire
_bPalgrave Macmillan
_cc2009
300 _axiii, 301 p. : ill. ; 24 cm
500 _aIncludes bibliographical references (p. 265-291) and indexes
650 _aElections
650 _aKiesgedrag
650 _aVerkiezingen
650 _aVoting
700 _aFranklin, Mark N
990 _a242587a5ac10000c006d4847124f2689
991 _a145813
999 _c158005
_d158005